| 000 | 00754nam a22002777a 4500 | ||
|---|---|---|---|
| 001 | BR9505919 | ||
| 003 | BR-BrBNA | ||
| 005 | 20230928094643.0 | ||
| 007 | ta | ||
| 008 | 230509b bl.||||| |||| 00| 0 por d | ||
| 040 |
_aBR-BrBNA _bpor _cBiblioteca Nacional de Agricultura |
||
| 041 | _a(Por) | ||
| 072 | _aE12 | ||
| 090 | _ E12 BR9505919 | ||
| 100 | 1 | _aHeredia, B.M.A. de | |
| 245 | 1 | _aA morada da vida. Trabalho familiar de pequenos produtores do Nordeste do Brasil | |
| 260 | 3 |
_aRio de Janeiro, RJ (Brasil): _c1979. |
|
| 300 | _a164 p. | ||
| 650 | _aPequeno Produtor | ||
| 650 | _aFamilia | ||
| 650 | _aMulher Rural | ||
| 650 | _aTrabalhador Rural | ||
| 650 | _aRegiao Nordeste | ||
| 909 |
_a202309 _bLucia _c55 _dLucia Elande |
||
| 942 | _cBK | ||
| 999 |
_c51890 _d51890 |
||